|
|
|
|
| LEADER |
00710pam a22002178a 4500 |
| 001 |
00025431 |
| 005 |
20171026081023.0 |
| 008 |
110804s1983 ||||||engsd |
| 041 |
0 |
# |
|a eng
|
| 082 |
1 |
4 |
|a 428
|b TH200P
|
| 100 |
1 |
# |
|a Trager, Crowell
|
| 245 |
1 |
4 |
|4 The Pd's
|b Pronunciation drills for learners of english
|c Crowell Trage, Sara Cook Henderson
|a The PD's
|
| 260 |
# |
# |
|a New Jersey
|b Prentice-Hall, Inc.
|c 1983
|
| 300 |
# |
# |
|a xxiii, 156 p.
|c 27 cm.
|
| 650 |
# |
4 |
|a Phát âm
|
| 650 |
# |
4 |
|a Tiếng anh
|
| 700 |
1 |
# |
|a Henderson, Sara Cook
|
| 852 |
# |
# |
|b Kho đọc
|j KD.0008991
|
| 852 |
# |
# |
|j KD.0008991
|
| 910 |
|
|
|d 04/08/2011
|
| 980 |
# |
# |
|a Trung tâm Học liệu Lê Vũ Hùng, Trường Đại học Đồng Tháp
|